| 000 | 00614nam a2200241Ia 4500 | ||
|---|---|---|---|
| 005 | 20250425161912.0 | ||
| 008 | 250425s9999 xx 000 0 und d | ||
| 020 | _a9802170615 | ||
| 041 | _aspa | ||
| 082 | _a658.562 | ||
| 100 | _aPACHANO, SUSANA | ||
| 245 | 0 | _aAUMENTAR LA PRODUCTIVIDAD A TRAVES DE LA CALIDAD: ELEMENTOS DE UN MODELO DE GESTION | |
| 250 | _a1A ED. | ||
| 260 | _aCARACAS | ||
| 260 |
_aVenezuela _bEDICIONES IESA _c1993 |
||
| 300 | _a23 | ||
| 650 | _aCALIDAD | ||
| 650 | _aCULTURA ORGANIZACIONAL | ||
| 650 | _aGESTION | ||
| 650 | _aPRODUCTIVIDAD | ||
| 942 | _c01 | ||
| 010 | _a34273 | ||
| 999 |
_c218460 _d218460 |
||